<?xml version="1.0" encoding="UTF-8"?>
<record
    xmlns:xsi="http://www.w3.org/2001/XMLSchema-instance"
    xsi:schemaLocation="http://www.loc.gov/MARC21/slim http://www.loc.gov/standards/marcxml/schema/MARC21slim.xsd"
    xmlns="http://www.loc.gov/MARC21/slim">

  <leader>03517nka a2200409 i 4500</leader>
  <controlfield tag="001">102936</controlfield>
  <controlfield tag="003">ES-MaACL</controlfield>
  <controlfield tag="005">20250824093143.0</controlfield>
  <controlfield tag="007">t|</controlfield>
  <controlfield tag="008">051220e1870    sp f   |     |r|| c|spa d</controlfield>
  <datafield tag="100" ind1="1" ind2=" ">
    <subfield code="a">Maura Montaner, Bartolom&#xE9;,</subfield>
    <subfield code="d">1844-1926</subfield>
    <subfield code="e">drm</subfield>
    <subfield code="e">egr</subfield>
    <subfield code="9">79222</subfield>
  </datafield>
  <datafield tag="245" ind1="1" ind2="4">
    <subfield code="a">Una f&#xE1;brica de tapices </subfield>
    <subfield code="h">[Material gr&#xE1;fico] : </subfield>
    <subfield code="b">Hilanderas /</subfield>
    <subfield code="c">Diego Vel&#xE1;zquez pto ; Bartolom&#xE9; Maura Dto y Gbo 1870</subfield>
  </datafield>
  <datafield tag="260" ind1=" " ind2=" ">
    <subfield code="a">[S.l. : </subfield>
    <subfield code="b">s.n., </subfield>
    <subfield code="c">1870]</subfield>
  </datafield>
  <datafield tag="300" ind1=" " ind2=" ">
    <subfield code="a">1 estampa : </subfield>
    <subfield code="b">grabado calcogr&#xE1;fico ; </subfield>
    <subfield code="c">448 x 450 mm</subfield>
  </datafield>
  <datafield tag="490" ind1="1" ind2=" ">
    <subfield code="a">Colecci&#xF3;n facticia de grabados ;</subfield>
    <subfield code="v">16</subfield>
    <subfield code="9">184692</subfield>
  </datafield>
  <datafield tag="500" ind1=" " ind2=" ">
    <subfield code="a">Inscripci&#xF3;n: "Una f&#xE1;brica de tapices (Hilanderas)"</subfield>
  </datafield>
  <datafield tag="520" ind1=" " ind2=" ">
    <subfield code="a">El magn&#xED;fico cuadro de "Las hilanderas", realizado por Vel&#xE1;zquez, fue otro de los que Maura grab&#xF3; y en el que sigue en todo al genial artista.
Se trata de una representaci&#xF3;n compleja y altamente intelectual del mito cl&#xE1;sico de Aracne. Seg&#xFA;n la f&#xE1;bula narrada por Ovidio (Metamorfosis, Libro VI, I), Aracne era una joven lidia (Asia Menor) maestra en el arte de tejer, que ret&#xF3; a Atenea, diosa de la sabidur&#xED;a, a superarla en habilidad. &#xC9;sta, consciente durante la competici&#xF3;n de la supremac&#xED;a de la mortal y viendo su burla al representar en su tapiz la infidelidad conyugal de su padre Zeus, convirti&#xE9;ndose en toro y raptando a la ninfa Europa, convirti&#xF3; a Aracne en ara&#xF1;a</subfield>
  </datafield>
  <datafield tag="520" ind1=" " ind2=" ">
    <subfield code="a">El mito aparece representado en dos planos bajo la apariencia de un d&#xED;a cotidiano en la F&#xE1;brica de Tapices de Santa Isabel. Al fondo de la escena el rapto de Europa aparece hilado en el tapiz que cuelga de la pared y, ante &#xE9;l, Atenea, vestida con armadura, castiga a Aracne. Las mujeres que observan el suceso, que podr&#xED;amos confundir con clientas de la f&#xE1;brica, ser&#xED;an en realidad las j&#xF3;venes lidias testigos del momento. En primer t&#xE9;rmino, las hilanderas representar&#xED;an el desarrollo del concurso. Atenea, hilando en la rueda y Aracne devanando una madeja.
Esta obra ha sido interpretada por los estudiosos como una alegor&#xED;a de la nobleza del arte de la pintura y una afirmaci&#xF3;n de la supremac&#xED;a de Vel&#xE1;zquez. La complejidad iconogr&#xE1;fica eleva la creaci&#xF3;n pict&#xF3;rica a la altura de otras artes mejor consideradas en el siglo XVII, como la poes&#xED;a o la m&#xFA;sica, y las referencias a grandes pintores, como Tiziano y Rubens, elevan a Vel&#xE1;zquez a la altura de los grandes genios de la historia del arte</subfield>
  </datafield>
  <datafield tag="530" ind1=" " ind2=" ">
    <subfield code="a">Disponible en formato digital </subfield>
  </datafield>
  <datafield tag="594" ind1=" " ind2=" ">
    <subfield code="5">T&#xED;tulo del cuadro de Vel&#xE1;zquez: "Las hilanderas o la f&#xE1;bula de Aracne"</subfield>
  </datafield>
  <datafield tag="600" ind1="1" ind2="4">
    <subfield code="a">Vel&#xE1;zquez, Diego, </subfield>
    <subfield code="d">1599-1660.</subfield>
    <subfield code="t">Las hilanderas</subfield>
    <subfield code="9">241811</subfield>
  </datafield>
  <datafield tag="610" ind1="2" ind2="4">
    <subfield code="a">Real F&#xE1;brica de Tapices de Santa B&#xE1;rbara</subfield>
    <subfield code="9">241968</subfield>
  </datafield>
  <datafield tag="650" ind1=" " ind2="7">
    <subfield code="a">Aracne (Personaje mitol&#xF3;gico)</subfield>
    <subfield code="2">embne</subfield>
    <subfield code="9">241966</subfield>
  </datafield>
  <datafield tag="650" ind1=" " ind2="7">
    <subfield code="a">Atenea (Divinidad griega)</subfield>
    <subfield code="2">embne</subfield>
    <subfield code="9">241967</subfield>
  </datafield>
  <datafield tag="655" ind1=" " ind2="7">
    <subfield code="a">Grabados calcogr&#xE1;ficos</subfield>
    <subfield code="2">tgfbne</subfield>
    <subfield code="9">241761</subfield>
  </datafield>
  <datafield tag="655" ind1=" " ind2="7">
    <subfield code="a">Grabados</subfield>
    <subfield code="2">tgfbne</subfield>
    <subfield code="9">226846</subfield>
  </datafield>
  <datafield tag="655" ind1=" " ind2="4">
    <subfield code="a">Reproducciones de obras de arte</subfield>
    <subfield code="9">241931</subfield>
  </datafield>
  <datafield tag="700" ind1="1" ind2=" ">
    <subfield code="a">Vel&#xE1;zquez, Diego,</subfield>
    <subfield code="d">1599-1660</subfield>
    <subfield code="e">art</subfield>
    <subfield code="9">113793</subfield>
  </datafield>
  <datafield tag="740" ind1="4" ind2="2">
    <subfield code="a">Las hilanderas</subfield>
  </datafield>
  <datafield tag="740" ind1="3" ind2="2">
    <subfield code="a">La f&#xE1;bula de Aracne</subfield>
  </datafield>
  <datafield tag="830" ind1=" " ind2="0">
    <subfield code="a">Colecci&#xF3;n facticia de grabados ;</subfield>
    <subfield code="v">16</subfield>
    <subfield code="9">184692</subfield>
  </datafield>
  <datafield tag="852" ind1="4" ind2=" ">
    <subfield code="a">ES-MaACL</subfield>
    <subfield code="c">DEPO2</subfield>
    <subfield code="j">GF-2(16)</subfield>
  </datafield>
  <datafield tag="856" ind1="4" ind2=" ">
    <subfield code="u">https://ceres.mcu.es/pages/ResultSearch?txtSimpleSearch=La%20f%E1bula%20de%20Aracne&amp;simpleSearch=0&amp;hipertextSearch=1&amp;search=simple&amp;MuseumsSearch=&amp;MuseumsRolSearch=1&amp;listaMuseos=null</subfield>
    <subfield code="y">Versi&#xF3;n en l&#xED;nea</subfield>
    <subfield code="z">(CER.es (Colecciones en Red))</subfield>
  </datafield>
  <datafield tag="942" ind1=" " ind2=" ">
    <subfield code="2">udc</subfield>
    <subfield code="c">DIBGRB</subfield>
    <subfield code="n">0</subfield>
  </datafield>
  <datafield tag="999" ind1=" " ind2=" ">
    <subfield code="c">102936</subfield>
    <subfield code="d">102936</subfield>
  </datafield>
  <datafield tag="952" ind1=" " ind2=" ">
    <subfield code="0">0</subfield>
    <subfield code="1">0</subfield>
    <subfield code="2">udc</subfield>
    <subfield code="4">0</subfield>
    <subfield code="7">0</subfield>
    <subfield code="8">Colecci&#xF3;n_digital</subfield>
    <subfield code="a">ATENEOM</subfield>
    <subfield code="b">ATENEOM</subfield>
    <subfield code="c">DEPO2</subfield>
    <subfield code="d">2008-01-17</subfield>
    <subfield code="l">0</subfield>
    <subfield code="o">GF-2(16)</subfield>
    <subfield code="p">1107474</subfield>
    <subfield code="r">2023-02-23 00:00:00</subfield>
    <subfield code="y">DIBGRB</subfield>
  </datafield>
</record>
